00857nam a2200217Ia 4500003000900000008004100009040001300050040001300063041000800076100002100084245004000105250001200145260001200157260001000169300001000179490000600189600022300195942000700418999001700425952019700442IT-RoPAU120407s9999 xx 000 0 und d aIT-RoPAU cIT-RoPAU aita aGiovanni Gentile aOpere complete di Giovanni Gentile. aFirenze aSansoni c1969  c21 cm v1 a"3. Teoria generale d. spirito come atto puro. 5. e 6. Sistema di logica come teoria d. conoscere. I.e II 10. Storia della filosofia. (sino a Platone) 12. I problemi della scolastica. 36. Introduzione alla filosofia." cBK c17575d17575 00102ddc406195_00000000000000071aPAULUSbPAULUSd2012-04-11l0o195.0r2012-04-11 00:00:00w2012-04-11yBKzInserito da: Anna In data: 12 settembre 2011 fondo: Via A.Severo 56 Progr:27845